| 000 | 00670nam a2200181Ia 4500 | ||
|---|---|---|---|
| 008 | 090630s9999 xx 000 0 und d | ||
| 082 | _b7781 | ||
| 100 | _aशिरवाडकर वसंत. | ||
| 245 |
_aअवकाशाच्या शोधात. _cशिरवाडकर वसंत. |
||
| 260 |
_bपृथ्वी - मुंबई. _c1984 |
||
| 300 | _a72 | ||
| 600 | _aशिरवाडकर वसंत. | ||
| 630 | _aअवकाशाच्या शोधात. | ||
| 655 | _aबालवाङमय. | ||
| 700 | _aशिरवाडकर वसंत. | ||
| 730 | _aअवकाशाच्या शोधात. | ||
| 942 | _cBOOK | ||
| 999 |
_c259637 _d259637 |
||